| 000 | 00730nam a2200217Ia 4500 | ||
|---|---|---|---|
| 003 | GCL | ||
| 008 | 140319s9999 xx 000 0 ara d | ||
| 020 | _a7825346977 | ||
| 040 |
_aGCL / _cGCL |
||
| 082 | 0 | 4 |
_a214.296 _bأ ب |
| 100 | 1 | _aاحمد احمد على السقا | |
| 245 | 1 | 0 |
_aالبداية والنهاية لامة بنى اسرائيل / _cاحمد احمد على السقا |
| 250 | _aالاولى | ||
| 260 |
_aسوريا : _bدار الكتاب العربى ، _c2004 |
||
| 300 |
_a439ص ؛ _c27سم |
||
| 650 | 0 | 4 | _aالاسلام - تاريخ |
| 650 | 0 | 4 | _aالقران - تفسير |
| 650 | 0 | 4 | _aالمسلمون واليهود |
| 650 | 0 | 4 | _aالمسلمون والمسيحيون |
| 942 |
_2ddc _cBK |
||
| 999 |
_c57575 _d57575 |
||